| 000 | 00354 a2200109 4500 | ||
|---|---|---|---|
| 001 | ART_18458 | ||
| 005 | 20260410161919.0 | ||
| 008 | 260409a | ||
| 245 | 1 | 0 | _aLas boletas de depósitos de anticipos como declaración jurada |
| 100 | 1 | _aTarantino, Jacinto R. | |
| 773 | 0 |
_tLa información _g- Tomo XXXIV, Nº 562 (oct. 1976) _wREV14902 |
|
| 999 |
_c27557 _d27557 |
||